Części mowy - Statystyki

Ogólne statystyki
  • Ten quiz został rozwiązany 405 razy
  • Średni wynik to 7 z 10
Statystyki odpowiedzi
Odpowiedź % Poprawnych
czasownik
97%
rzeczownik
97%
przymiotnik
95%
przysłówek
75%
zaimek
66%
przyimek
65%
liczebnik
57%
partykuła
39%
spójnik
39%
wykrzyknik
31%
Nie znaleziono quizów pasujących do podanych kryteriów
Rozkład punktacji
Procent ludzi z każdym wynikiem
Percentyl według liczby udzielonych odpowiedzi
Twoja historia wyników
Nie rozwiązałeś tego quizu